000 00766nam a2200217 a 4500
001 000017413
005 20240412074247.0
008 100324s1925 dr a 000 j spa d
040 _aDO-SdBNP
_bspa
_cBNPHU
082 _aRD863.44
_bP453h, 1925
100 1 _aPerozo, César N.
_929287
245 1 0 _aHoras de buen humor :
_bcuentos criollos y exóticos, propios y agenos /
_cCésar N. Perozo ; prólogo Emilio A. Morel.
250 _a2a ed.
260 _aSantiago, República Dominicana :
_bLinotipografía la Información,
_c1925.
300 _a124 p. :
_bil. ;
_c23 cm.
650 0 _aCuentos dominicanos
_9176
650 0 _aLiteratura dominicana.
_967
700 1 2 _aMorel, Emilio A.,
_epról.
_930470
910 _aValidado. Control de calidad MFF
049 _aBNPD
999 _c16938
_d16938